[Event "15e festival de Meurthe et Moselle Rapide"]
[Site "?"]
[Date "2017.02.19"]
[Round "3.4"]
[White "Fridman, Daniel"]
[Black "Santamaria, Jorge"]
[Result "1-0"]
[LiveChessVersion "1.4.8"]
[BlackElo "2207"]
[WhiteElo "2594"]

1. d4 {[%clk 0:15:07]} e6 {[%clk 0:15:07]} 2. Nf3 {[%clk 0:15:09]} c5
{[%clk 0:15:09]} 3. g3 {[%clk 0:15:10]} Nf6 {[%clk 0:14:58]} 4. Bg2
{[%clk 0:15:13]} Nc6 {[%clk 0:13:56]} 5. O-O {[%clk 0:15:15]} b6 {[%clk 0:13:35]}
6. c4 {[%clk 0:15:16]} cxd4 {[%clk 0:13:19]} 7. Nxd4 {[%clk 0:15:19]} Bb7
{[%clk 0:13:23]} 8. Nb5 {[%clk 0:15:13]} d6 {[%clk 0:12:45]} 9. Bf4
{[%clk 0:15:16]} e5 {[%clk 0:12:44]} 10. Bg5 {[%clk 0:15:19]} Be7
{[%clk 0:12:41]} 11. Bxf6 {[%clk 0:15:22]} gxf6 {[%clk 0:12:43]} 12. e3
{[%clk 0:15:21]} Qd7 {[%clk 0:11:49]} 13. N1c3 {[%clk 0:14:57]} Rd8
{[%clk 0:11:15]} 14. Qh5 {[%clk 0:13:24]} Nb4 {[%clk 0:09:26]} 15. Bh3
{[%clk 0:10:24]} Qc6 {[%clk 0:09:24]} 16. Nd5 {[%clk 0:09:10]} Nxd5
{[%clk 0:09:13]} 17. Be6 {[%clk 0:09:13]} Rf8 {[%clk 0:08:47]} 18. Bxd5
{[%clk 0:09:15]} Qc8 {[%clk 0:08:50]} 19. Nxa7 {[%clk 0:08:37]} Qa8
{[%clk 0:08:54]} 20. Nb5 {[%clk 0:08:22]} Rc8 {[%clk 0:08:51]} 21. Rac1
{[%clk 0:07:51]} Bc6 {[%clk 0:07:25]} 22. Rfd1 {[%clk 0:07:33]} Kd8 23. Bxc6
{[%clk 0:07:20]} Rxc6 {[%clk 0:05:57]} 24. Qf3 {[%clk 0:07:11]} Kd7
{[%clk 0:05:52]} 25. Qf5+ {[%clk 0:06:56]} Kd8 {[%clk 0:05:55]} 26. b3
{[%clk 0:06:30]} h5 {[%clk 0:05:28]} 27. h4 {[%clk 0:06:23]} Rg8 {[%clk 0:05:07]}
28. a4 {[%clk 0:05:52]} Ke8 {[%clk 0:05:09]} 29. Qf3 {[%clk 0:05:49]} Kd8 1-0

[Event "15e festival de Meurthe et Moselle Rapide"]
[Site "?"]
[Date "2017.02.19"]
[Round "4.1"]
[White "Fressinet, Laurent"]
[Black "Micottis, Dorian"]
[Result "1/2-1/2"]
[LiveChessVersion "1.4.8"]
[BlackElo "2241"]
[WhiteElo "2660"]

1. e4 {[%clk 0:15:09]} c5 {[%clk 0:15:09]} 2. Nf3 {[%clk 0:15:12]} e6
{[%clk 0:15:12]} 3. d4 {[%clk 0:15:12]} cxd4 {[%clk 0:15:15]} 4. Nxd4
{[%clk 0:15:15]} a6 {[%clk 0:15:18]} 5. Nc3 {[%clk 0:15:14]} Qc7 {[%clk 0:15:21]}
6. Bd3 {[%clk 0:15:11]} Nc6 {[%clk 0:15:23]} 7. Nxc6 {[%clk 0:15:00]} dxc6
{[%clk 0:15:26]} 8. O-O {[%clk 0:14:39]} e5 {[%clk 0:15:27]} 9. f4
{[%clk 0:14:36]} Nf6 {[%clk 0:15:30]} 10. Kh1 {[%clk 0:14:18]} Bc5
{[%clk 0:14:45]} 11. f5 {[%clk 0:13:14]} h5 {[%clk 0:13:58]} 12. Qf3
{[%clk 0:13:01]} b5 {[%clk 0:12:59]} 13. a4 {[%clk 0:12:25]} Bb7 {[%clk 0:12:05]}
14. Be3 {[%clk 0:11:53]} Qb6 {[%clk 0:10:43]} 15. Bxc5 {[%clk 0:10:26]} Qxc5
{[%clk 0:10:46]} 16. Nd1 {[%clk 0:09:14]} Ng4 {[%clk 0:10:22]} 17. axb5
{[%clk 0:08:28]} cxb5 {[%clk 0:09:15]} 18. Ra3 {[%clk 0:08:31]} Qd4
{[%clk 0:08:19]} 19. Rc3 {[%clk 0:08:04]} O-O {[%clk 0:07:43]} 20. h3
{[%clk 0:07:31]} Nf6 {[%clk 0:07:46]} 21. Nf2 {[%clk 0:07:35]} Rfc8
{[%clk 0:07:49]} 22. Rxc8+ {[%clk 0:05:36]} Rxc8 {[%clk 0:07:53]} 23. g4
{[%clk 0:05:32]} hxg4 {[%clk 0:07:19]} 24. hxg4 {[%clk 0:05:36]} Nh7
{[%clk 0:07:05]} 25. Nh3 {[%clk 0:04:32]} f6 {[%clk 0:06:18]} 26. c3
{[%clk 0:03:48]} Qa4 {[%clk 0:05:45]} 27. Qe2 {[%clk 0:03:03]} Rd8
{[%clk 0:05:03]} 28. Bc2 {[%clk 0:03:07]} Qa5 {[%clk 0:05:07]} 29. Rd1
{[%clk 0:02:49]} Kf8 {[%clk 0:04:38]} 30. Kh2 {[%clk 0:02:21]} Ke7
{[%clk 0:04:26]} 31. Qe3 {[%clk 0:02:19]} Rxd1 {[%clk 0:04:18]} 32. Bxd1
{[%clk 0:02:24]} Qc7 {[%clk 0:04:22]} 33. Bb3 {[%clk 0:02:17]} Qd6
{[%clk 0:03:23]} 34. Kg3 {[%clk 0:02:03]} Nf8 {[%clk 0:03:15]} 35. Nf2
{[%clk 0:01:49]} Nd7 {[%clk 0:03:18]} 36. Nd3 {[%clk 0:01:50]} Qb6
{[%clk 0:02:51]} 37. Kf3 {[%clk 0:01:24]} Qxe3+ {[%clk 0:02:53]} 38. Kxe3
{[%clk 0:01:27]} Kd6 {[%clk 0:02:41]} 39. Bc2 {[%clk 0:01:30]} a5
{[%clk 0:02:37]} 40. Nf2 {[%clk 0:01:00]} Nb6 {[%clk 0:02:18]} 41. Bb3
{[%clk 0:01:04]} Nd7 {[%clk 0:02:03]} 42. Bd1 {[%clk 0:00:49]} Nb6
{[%clk 0:01:59]} 43. Be2 {[%clk 0:00:39]} Bc6 {[%clk 0:02:03]} 44. Kd2
{[%clk 0:00:30]} Na4 {[%clk 0:02:06]} 45. Kc2 {[%clk 0:00:33]} Nc5
{[%clk 0:02:07]} 46. Bf3 {[%clk 0:00:33]} Bb7 {[%clk 0:02:08]} 47. b4
{[%clk 0:00:32]} axb4 {[%clk 0:02:07]} 48. cxb4 {[%clk 0:00:37]} Na6
{[%clk 0:01:42]} 49. Kc3 {[%clk 0:00:40]} Bc6 {[%clk 0:01:46]} 50. Nh1
{[%clk 0:00:41]} Ke7 {[%clk 0:01:35]} 51. Nf2 {[%clk 0:00:44]} Kd6
{[%clk 0:01:38]} 52. Nh3 {[%clk 0:00:48]} Ke7 {[%clk 0:01:33]} 53. Ng1
{[%clk 0:00:37]} Kd6 {[%clk 0:01:36]} 54. Ne2 {[%clk 0:00:39]} Ke7
{[%clk 0:01:37]} 55. Kb3 {[%clk 0:00:38]} Nc7 {[%clk 0:01:36]} 56. Nc3
{[%clk 0:00:38]} Kd6 {[%clk 0:01:27]} 57. Kc2 {[%clk 0:00:39]} Na6
{[%clk 0:01:29]} 58. Na2 {[%clk 0:00:41]} Be8 {[%clk 0:01:18]} 59. Kc3
{[%clk 0:00:45]} Bc6 {[%clk 0:01:20]} 60. Nc1 {[%clk 0:00:47]} Ke7
{[%clk 0:01:20]} 61. Nb3 {[%clk 0:00:50]} Kd6 {[%clk 0:01:21]} 62. Na5
{[%clk 0:00:54]} Ba8 {[%clk 0:01:16]} 63. Nb3 {[%clk 0:00:48]} Bc6
{[%clk 0:01:18]} 64. Nd2 {[%clk 0:00:51]} Ke7 {[%clk 0:01:14]} 65. Be2
{[%clk 0:00:54]} Kd6 {[%clk 0:01:18]} 66. Bd3 {[%clk 0:00:57]} Nc7
{[%clk 0:01:17]} 67. Nf3 {[%clk 0:00:59]} Ke7 {[%clk 0:01:19]} 68. g5
{[%clk 0:00:57]} Na6 {[%clk 0:01:14]} 69. g6 {[%clk 0:00:52]} Nc7
{[%clk 0:01:13]} 70. Nh2 {[%clk 0:00:46]} Na6 {[%clk 0:01:17]} 71. Ng4
{[%clk 0:00:47]} Kf8 {[%clk 0:01:12]} 72. Ne3 {[%clk 0:00:38]} Nc7
{[%clk 0:01:09]} 73. Nc2 {[%clk 0:00:30]} Ke7 {[%clk 0:01:11]} 74. Na1
{[%clk 0:00:31]} Na6 {[%clk 0:01:10]} 75. Nb3 {[%clk 0:00:33]} Kd6
{[%clk 0:01:09]} 76. Bc2 {[%clk 0:00:27]} Ba8 {[%clk 0:01:09]} 77. Nd2
{[%clk 0:00:20]} Bc6 {[%clk 0:01:06]} 78. Bd3 {[%clk 0:00:22]} Nc7
{[%clk 0:01:09]} 79. Nf1 {[%clk 0:00:19]} Na6 {[%clk 0:01:10]} 80. Ng3
{[%clk 0:00:20]} Ke7 {[%clk 0:01:13]} 81. Kb3 {[%clk 0:00:21]} Nc7
{[%clk 0:01:15]} 82. Ka3 {[%clk 0:00:18]} Na6 {[%clk 0:01:18]} 83. Ne2
{[%clk 0:00:22]} Nc7 {[%clk 0:01:20]} 84. Nc3 {[%clk 0:00:26]} Kd6
{[%clk 0:01:20]} 85. Bc2 {[%clk 0:00:24]} Na6 {[%clk 0:01:20]} 86. Bb3
{[%clk 0:00:23]} Nc7 {[%clk 0:01:20]} 87. Ba2 {[%clk 0:00:25]} Bb7
{[%clk 0:01:18]} 88. Bb1 {[%clk 0:00:22]} Bc6 {[%clk 0:01:21]} 89. Bd3
{[%clk 0:00:26]} Ke7 {[%clk 0:01:20]} 90. Kb3 {[%clk 0:00:27]} Kd6
{[%clk 0:01:23]} 91. Nd1 {[%clk 0:00:25]} Na6 {[%clk 0:01:25]} 92. Kc3
{[%clk 0:00:26]} Nc7 {[%clk 0:01:27]} 93. Ne3 {[%clk 0:00:29]} Ke7
{[%clk 0:01:27]} 94. Bc2 {[%clk 0:00:20]} Bb7 {[%clk 0:01:24]} 95. Nf1
{[%clk 0:00:15]} Bc6 {[%clk 0:01:28]} 96. Bd3 {[%clk 0:00:14]} Na6
{[%clk 0:01:30]} 97. Nd2 {[%clk 0:00:18]} Kd6 {[%clk 0:01:18]} 98. Nb3
{[%clk 0:00:22]} Bd7 {[%clk 0:01:09]} 99. Na5 {[%clk 0:00:27]} Bc6
{[%clk 0:01:13]} 100. Bc2 {[%clk 0:00:21]} Ba8 {[%clk 0:01:15]} 101. Bb1
{[%clk 0:00:19]} Bc6 {[%clk 0:01:17]} 102. Bd3 {[%clk 0:00:24]} Nc7
{[%clk 0:01:16]} 103. Nb3 {[%clk 0:00:21]} Na6 {[%clk 0:01:20]} 104. Na1
{[%clk 0:00:16]} Nc7 {[%clk 0:01:22]} 105. Nc2 {[%clk 0:00:19]} Ke7
{[%clk 0:01:19]} 106. Kd2 {[%clk 0:00:18]} Kd6 {[%clk 0:01:23]} 107. Ne3
{[%clk 0:00:13]} Na6 {[%clk 0:01:23]} 108. Kc3 {[%clk 0:00:17]} Nc7
{[%clk 0:01:25]} 109. Bc2 {[%clk 0:00:18]} Na6 {[%clk 0:01:24]} 110. Ng4
{[%clk 0:00:22]} Ke7 {[%clk 0:01:25]} 111. Kb3 {[%clk 0:00:19]} Nc7
{[%clk 0:01:19]} 112. Bd3 {[%clk 0:00:13]} Ne8 {[%clk 0:01:20]} 113. Nf2
{[%clk 0:00:12]} Nc7 {[%clk 0:01:17]} 114. Nd1 {[%clk 0:00:13]} Kd6
{[%clk 0:01:19]} 115. Nc3 {[%clk 0:00:16]} Ke7 {[%clk 0:01:12]} 116. Na2
{[%clk 0:00:14]} Kd6 {[%clk 0:01:15]} 117. Kc3 {[%clk 0:00:17]} Na6
{[%clk 0:01:19]} 118. Nc1 {[%clk 0:00:20]} Nc7 {[%clk 0:01:23]} 119. Bc2
{[%clk 0:00:16]} Ke7 {[%clk 0:01:21]} 120. Nb3 {[%clk 0:00:20]} Na6
{[%clk 0:01:17]} 121. Nc5 {[%clk 0:00:20]} Nxc5 {[%clk 0:00:55]} 122. bxc5
{[%clk 0:00:24]} Kd7 {[%clk 0:00:59]} 123. Kb4 {[%clk 0:00:19]} Kc7
{[%clk 0:01:03]} 124. Bd3 {[%clk 0:00:16]} Kb7 {[%clk 0:01:02]} 125. Ka5
{[%clk 0:00:20]} Ka7 {[%clk 0:00:56]} 126. Bb1 {[%clk 0:00:14]} Kb7
{[%clk 0:00:59]} 127. Bc2 {[%clk 0:00:14]} Ka7 {[%clk 0:01:03]} 128. Kb4
{[%clk 0:00:17]} Ka6 {[%clk 0:01:07]} 129. Bd3 {[%clk 0:00:22]} Kb7
{[%clk 0:01:06]} 130. Ka5 {[%clk 0:00:15]} Ka7 {[%clk 0:01:10]} 131. Bc2
{[%clk 0:00:17]} Kb7 {[%clk 0:01:14]} 132. Kb4 {[%clk 0:00:16]} Ka6
{[%clk 0:01:18]} 133. Bb1 {[%clk 0:00:20]} Kb7 {[%clk 0:01:22]} 134. Bd3
{[%clk 0:00:17]} Ka6 {[%clk 0:01:19]} 135. Bc2 {[%clk 0:00:16]} 1/2-1/2

[Event "15e festival de Meurthe et Moselle Rapide"]
[Site "?"]
[Date "2017.02.19"]
[Round "4.2"]
[White "Andriasyan, Siranush"]
[Black "Gurevich, Mikhail"]
[Result "0-1"]
[LiveChessVersion "1.4.8"]
[BlackElo "2549"]
[WhiteElo "2281"]

1. e4 {[%clk 0:15:08]} d6 {[%clk 0:15:09]} 2. d4 {[%clk 0:15:10]} g6
{[%clk 0:15:13]} 3. Nf3 {[%clk 0:15:10]} Bg7 {[%clk 0:15:15]} 4. Nc3
{[%clk 0:15:01]} Nf6 {[%clk 0:15:18]} 5. Be3 {[%clk 0:14:49]} a6 {[%clk 0:15:10]}
6. Qd2 {[%clk 0:14:38]} b5 {[%clk 0:14:58]} 7. Bd3 {[%clk 0:14:22]} Bb7
{[%clk 0:14:46]} 8. a3 {[%clk 0:14:14]} Nbd7 {[%clk 0:14:35]} 9. Bh6
{[%clk 0:13:25]} O-O {[%clk 0:14:28]} 10. h4 {[%clk 0:13:03]} c5 {[%clk 0:13:56]}
11. Bxg7 {[%clk 0:12:39]} Kxg7 {[%clk 0:13:58]} 12. e5 {[%clk 0:11:42]} Ng4
{[%clk 0:11:38]} 13. Qg5 {[%clk 0:10:38]} Bxf3 {[%clk 0:10:03]} 14. gxf3
{[%clk 0:10:36]} cxd4 {[%clk 0:09:55]} 15. fxg4 {[%clk 0:09:11]} dxc3
{[%clk 0:08:55]} 16. exd6 {[%clk 0:06:19]} cxb2 {[%clk 0:08:29]} 17. Rb1
{[%clk 0:06:18]} exd6 {[%clk 0:06:59]} 18. Qd5 {[%clk 0:05:28]} Qf6
{[%clk 0:06:25]} 19. Kf1 {[%clk 0:03:58]} Nb6 {[%clk 0:06:02]} 20. Qc6
{[%clk 0:03:36]} Rab8 {[%clk 0:06:00]} 21. g5 {[%clk 0:03:10]} Qd4
{[%clk 0:05:53]} 22. h5 {[%clk 0:03:01]} Nd5 {[%clk 0:05:40]} 23. hxg6
{[%clk 0:01:31]} hxg6 {[%clk 0:05:40]} 24. Qd7 {[%clk 0:01:25]} Nc3
{[%clk 0:04:51]} 25. Rxb2 {[%clk 0:00:58]} Nd1 {[%clk 0:04:52]} 26. Rh2
{[%clk 0:00:46]} Nxb2 {[%clk 0:04:54]} 27. Bxg6 {[%clk 0:00:45]} Qd1+
{[%clk 0:04:41]} 28. Kg2 {[%clk 0:00:46]} Qd5+ {[%clk 0:04:43]} 0-1

[Event "15e festival de Meurthe et Moselle Rapide"]
[Site "?"]
[Date "2017.02.19"]
[Round "4.3"]
[White "Mullon, Jean-Baptiste"]
[Black "Moucheroud, Jeremy"]
[Result "1/2-1/2"]
[LiveChessVersion "1.4.8"]
[BlackElo "2197"]
[WhiteElo "2388"]

1. e4 {[%clk 0:15:07]} c5 {[%clk 0:15:09]} 2. Nf3 {[%clk 0:15:09]} d6
{[%clk 0:15:12]} 3. d4 {[%clk 0:15:11]} cxd4 {[%clk 0:15:16]} 4. Qxd4
{[%clk 0:15:13]} a6 {[%clk 0:15:15]} 5. c4 {[%clk 0:15:15]} Nc6 {[%clk 0:15:19]}
6. Qe3 {[%clk 0:15:18]} g6 {[%clk 0:15:17]} 7. Be2 {[%clk 0:15:21]} Bg7
{[%clk 0:15:20]} 8. O-O {[%clk 0:15:21]} Nf6 {[%clk 0:15:16]} 9. h3
{[%clk 0:15:25]} O-O {[%clk 0:15:11]} 10. Nc3 {[%clk 0:15:28]} Nd7
{[%clk 0:14:23]} 11. Rb1 {[%clk 0:15:11]} Nc5 {[%clk 0:13:49]} 12. b4
{[%clk 0:14:53]} Ne6 {[%clk 0:13:50]} 13. Nd5 {[%clk 0:14:23]} Ned4
{[%clk 0:12:49]} 14. Nxd4 {[%clk 0:13:13]} Nxd4 {[%clk 0:12:47]} 15. Bb2
{[%clk 0:13:00]} e5 {[%clk 0:12:11]} 16. Bd3 {[%clk 0:12:36]} Be6
{[%clk 0:11:52]} 17. f4 {[%clk 0:11:43]} a5 {[%clk 0:09:45]} 18. b5
{[%clk 0:11:20]} Bxd5 {[%clk 0:09:10]} 19. exd5 {[%clk 0:11:15]} Rc8
{[%clk 0:08:12]} 20. Kh1 {[%clk 0:10:19]} Re8 {[%clk 0:07:09]} 21. Qf2
{[%clk 0:09:35]} Qd7 {[%clk 0:06:33]} 22. Rbe1 {[%clk 0:07:49]} f5
{[%clk 0:05:52]} 23. Bxd4 {[%clk 0:07:36]} exd4 {[%clk 0:05:55]} 24. Qf3
{[%clk 0:07:39]} b6 {[%clk 0:05:15]} 25. g4 {[%clk 0:06:21]} fxg4
{[%clk 0:05:13]} 26. hxg4 {[%clk 0:06:24]} Rxe1 {[%clk 0:05:09]} 27. Rxe1
{[%clk 0:06:27]} Re8 {[%clk 0:05:11]} 28. Rxe8+ {[%clk 0:05:30]} Qxe8
{[%clk 0:05:15]} 29. Be4 {[%clk 0:03:41]} Qc8 {[%clk 0:03:52]} 30. Qe2
{[%clk 0:03:22]} Qe8 {[%clk 0:03:27]} 31. Kg2 {[%clk 0:03:18]} Qf7
{[%clk 0:02:59]} 32. Kg3 {[%clk 0:02:46]} h6 {[%clk 0:00:15]} 33. Bd3
{[%clk 0:02:05]} g5 {[%clk 0:00:11]} 34. Bf5 {[%clk 0:02:08]} gxf4+
{[%clk 0:00:13]} 35. Kxf4 {[%clk 0:02:12]} Be5+ {[%clk 0:00:14]} 36. Ke4
{[%clk 0:02:16]} Qf6 {[%clk 0:00:12]} 37. Kd3 {[%clk 0:02:12]} Qg5
{[%clk 0:00:15]} 38. Qf3 {[%clk 0:02:04]} Kg7 {[%clk 0:00:18]} 39. Be4
{[%clk 0:01:27]} Qe3+ {[%clk 0:00:18]} 40. Qxe3 {[%clk 0:01:22]} dxe3
{[%clk 0:00:21]} 41. Kxe3 {[%clk 0:01:26]} Bh2 {[%clk 0:00:22]} 42. Bc2
{[%clk 0:00:55]} Kf6 {[%clk 0:00:26]} 43. Ke4 {[%clk 0:00:58]} Bg1
{[%clk 0:00:28]} 44. Bd1 {[%clk 0:00:59]} Kg5 {[%clk 0:00:29]} 45. Bf3
{[%clk 0:00:59]} Bc5 {[%clk 0:00:32]} 46. a4 {[%clk 0:01:03]} Bg1
{[%clk 0:00:35]} 1/2-1/2

[Event "15e festival de Meurthe et Moselle Rapide"]
[Site "?"]
[Date "2017.02.19"]
[Round "4.4"]
[White "Partac, Elena"]
[Black "Fridman, Daniel"]
[Result "0-1"]
[LiveChessVersion "1.4.8"]
[BlackElo "2594"]
[WhiteElo "2105"]

1. e4 {[%clk 0:15:09]} c6 {[%clk 0:15:06]} 2. d4 {[%clk 0:15:13]} d5
{[%clk 0:15:10]} 3. exd5 {[%clk 0:15:16]} cxd5 {[%clk 0:15:14]} 4. Bd3
{[%clk 0:15:19]} Nc6 {[%clk 0:15:18]} 5. c3 {[%clk 0:15:22]} Qc7 {[%clk 0:15:22]}
6. Ne2 {[%clk 0:15:14]} Bg4 {[%clk 0:15:25]} 7. O-O {[%clk 0:15:14]} e6
{[%clk 0:15:22]} 8. f3 {[%clk 0:15:18]} Bh5 {[%clk 0:15:26]} 9. Bf4
{[%clk 0:15:17]} Bd6 {[%clk 0:15:26]} 10. Qd2 {[%clk 0:15:16]} Bg6
{[%clk 0:15:19]} 11. Bxd6 {[%clk 0:14:08]} Qxd6 {[%clk 0:15:22]} 12. Nf4
{[%clk 0:14:12]} Nge7 {[%clk 0:15:25]} 13. Re1 {[%clk 0:12:18]} O-O-O
{[%clk 0:15:12]} 14. b4 {[%clk 0:11:24]} e5 {[%clk 0:13:34]} 15. dxe5
{[%clk 0:08:52]} Nxe5 {[%clk 0:13:36]} 16. Qe3 {[%clk 0:07:47]} N7c6
{[%clk 0:12:16]} 17. b5 {[%clk 0:05:14]} Nxd3 {[%clk 0:10:37]} 18. Nxd3
{[%clk 0:05:18]} d4 {[%clk 0:08:47]} 19. cxd4 {[%clk 0:05:07]} Nxd4
{[%clk 0:08:50]} 20. Ne5 {[%clk 0:02:25]} Nc2 {[%clk 0:06:31]} 21. Qc3+
{[%clk 0:01:05]} Kb8 {[%clk 0:06:22]} 22. Nxg6 {[%clk 0:00:44]} Qxg6
{[%clk 0:05:57]} 23. Nd2 {[%clk 0:00:11]} Nxa1 {[%clk 0:05:45]} 24. Rxa1
{[%clk 0:00:14]} Qb6+ {[%clk 0:05:45]} 25. Kh1 {[%clk 0:00:15]} Qd4
{[%clk 0:05:48]} 26. Qxd4 {[%clk 0:00:09]} Rxd4 {[%clk 0:05:51]} 27. Nb3
{[%clk 0:00:00]} Rd5 {[%clk 0:05:50]} 0-1

[Event "15e festival de Meurthe et Moselle Rapide"]
[Site "?"]
[Date "2017.02.19"]
[Round "5.1"]
[White "Gurevich, Mikhail"]
[Black "Shchekachev, Andrei"]
[Result "1-0"]
[LiveChessVersion "1.4.8"]
[BlackElo "2552"]
[WhiteElo "2549"]

1. c4 {[%clk 0:15:08]} c5 {[%clk 0:15:07]} 2. g3 {[%clk 0:15:12]} g6
{[%clk 0:15:11]} 3. Bg2 {[%clk 0:15:16]} Bg7 {[%clk 0:15:14]} 4. Nc3
{[%clk 0:15:21]} Nc6 {[%clk 0:15:16]} 5. Rb1 {[%clk 0:15:25]} d6 {[%clk 0:15:07]}
6. a3 {[%clk 0:15:28]} e6 {[%clk 0:15:10]} 7. e4 {[%clk 0:14:47]} Nge7
{[%clk 0:15:00]} 8. Nge2 {[%clk 0:14:51]} b6 {[%clk 0:14:32]} 9. d3
{[%clk 0:14:43]} Bb7 {[%clk 0:14:26]} 10. O-O {[%clk 0:14:41]} O-O
{[%clk 0:14:22]} 11. b4 {[%clk 0:14:36]} Qd7 {[%clk 0:13:50]} 12. Qb3
{[%clk 0:13:49]} Nd4 {[%clk 0:10:59]} 13. Nxd4 {[%clk 0:13:43]} Bxd4
{[%clk 0:11:01]} 14. Ne2 {[%clk 0:13:04]} Bg7 {[%clk 0:11:03]} 15. Be3
{[%clk 0:12:52]} Nc6 {[%clk 0:09:33]} 16. Rfd1 {[%clk 0:12:53]} Nd4
{[%clk 0:08:28]} 17. Nxd4 {[%clk 0:12:46]} cxd4 {[%clk 0:07:58]} 18. Bd2
{[%clk 0:12:49]} Rfb8 {[%clk 0:06:28]} 19. Rdc1 {[%clk 0:11:23]} Qd8
{[%clk 0:05:38]} 20. Qd1 {[%clk 0:10:20]} Bc6 {[%clk 0:05:09]} 21. Rb2
{[%clk 0:09:47]} Qd7 {[%clk 0:04:24]} 22. b5 {[%clk 0:09:10]} Bb7 23. a4 e5
{[%clk 0:03:37]} 24. a5 {[%clk 0:08:55]} Rf8 {[%clk 0:03:40]} 25. Ra1
{[%clk 0:08:46]} Qc7 {[%clk 0:03:21]} 26. Qb3 {[%clk 0:08:07]} h5
{[%clk 0:03:17]} 27. Rba2 {[%clk 0:08:00]} Kh7 {[%clk 0:03:06]} 28. Bb4
{[%clk 0:07:50]} Rad8 {[%clk 0:02:15]} 29. axb6 {[%clk 0:07:44]} axb6
{[%clk 0:02:18]} 30. Ra7 {[%clk 0:07:47]} Rb8 {[%clk 0:01:50]} 31. h4
{[%clk 0:07:20]} Rfd8 {[%clk 0:01:52]} 32. R1a4 {[%clk 0:07:14]} Bf8
{[%clk 0:01:55]} 33. Qa3 {[%clk 0:07:15]} Kg7 {[%clk 0:01:52]} 34. Bh3
{[%clk 0:06:19]} Be7 {[%clk 0:01:54]} 35. Qa1 {[%clk 0:06:16]} Bf6
{[%clk 0:01:53]} 36. Qc1 {[%clk 0:06:11]} Be7 {[%clk 0:01:56]} 37. f4
{[%clk 0:06:08]} Bf6 {[%clk 0:01:47]} 38. f5 {[%clk 0:05:51]} Be7
{[%clk 0:01:33]} 39. fxg6 {[%clk 0:05:12]} fxg6 {[%clk 0:01:37]} 40. Be6
{[%clk 0:05:15]} Rf8 {[%clk 0:01:40]} 41. Kg2 {[%clk 0:05:07]} Rf6
{[%clk 0:01:13]} 42. Bd5 {[%clk 0:04:24]} Qc8 {[%clk 0:01:18]} 43. Qd1
{[%clk 0:04:11]} Bxd5 {[%clk 0:01:05]} 44. cxd5 {[%clk 0:02:48]} Rb7
{[%clk 0:01:03]} 45. Bd2 {[%clk 0:02:40]} Rf7 {[%clk 0:01:01]} 46. R7a6
{[%clk 0:02:35]} Qd7 {[%clk 0:00:57]} 47. Rb4 {[%clk 0:02:36]} Bd8
{[%clk 0:00:58]} 48. Ra8 {[%clk 0:02:21]} Ra7 {[%clk 0:00:59]} 49. Rxa7
{[%clk 0:02:22]} Qxa7 {[%clk 0:01:03]} 50. Rc4 {[%clk 0:02:26]} Qa3
{[%clk 0:01:00]} 51. Qe2 {[%clk 0:02:28]} Qb3 {[%clk 0:00:58]} 52. Rc6
{[%clk 0:02:28]} Qxb5 {[%clk 0:00:53]} 53. Rxd6 {[%clk 0:02:30]} Be7
{[%clk 0:00:25]} 54. Re6 {[%clk 0:02:33]} Bf6 {[%clk 0:00:29]} 55. Bc1
{[%clk 0:02:23]} Qb3 {[%clk 0:00:28]} 56. Qd2 {[%clk 0:02:23]} Kg8
{[%clk 0:00:24]} 57. Rc6 {[%clk 0:02:08]} b5 {[%clk 0:00:27]} 58. Rc8+
{[%clk 0:02:01]} Rf8 {[%clk 0:00:29]} 59. Rc7 {[%clk 0:02:03]} Bg7
{[%clk 0:00:26]} 60. Qe2 {[%clk 0:02:04]} b4 {[%clk 0:00:24]} 61. Bg5
{[%clk 0:02:04]} Qb1 {[%clk 0:00:23]} 62. Be7 {[%clk 0:02:04]} Rb8
{[%clk 0:00:22]} 63. d6 {[%clk 0:02:06]} b3 {[%clk 0:00:23]} 64. d7
{[%clk 0:02:09]} 1-0

[Event "15e festival de Meurthe et Moselle Rapide"]
[Site "?"]
[Date "2017.02.19"]
[Round "5.2"]
[White "Fridman, Daniel"]
[Black "Berend, Fred"]
[Result "1-0"]
[LiveChessVersion "1.4.8"]
[BlackElo "2343"]
[WhiteElo "2594"]

1. d4 {[%clk 0:15:07]} e6 {[%clk 0:15:09]} 2. Nf3 {[%clk 0:15:11]} d5
{[%clk 0:15:02]} 3. g3 {[%clk 0:15:14]} Nf6 {[%clk 0:15:02]} 4. Bg2
{[%clk 0:15:17]} c5 {[%clk 0:15:06]} 5. c4 {[%clk 0:15:13]} dxc4 {[%clk 0:14:44]}
6. O-O {[%clk 0:15:15]} Nc6 {[%clk 0:14:47]} 7. dxc5 {[%clk 0:15:18]} Bxc5
{[%clk 0:14:35]} 8. Qa4 {[%clk 0:15:18]} O-O {[%clk 0:14:13]} 9. Qxc4
{[%clk 0:15:21]} Be7 {[%clk 0:13:53]} 10. Nc3 {[%clk 0:15:22]} Bd7
{[%clk 0:13:35]} 11. Rd1 {[%clk 0:15:05]} Qa5 {[%clk 0:13:29]} 12. Bd2
{[%clk 0:14:28]} Qc5 {[%clk 0:12:33]} 13. Qxc5 {[%clk 0:13:21]} Bxc5
{[%clk 0:12:37]} 14. Rac1 {[%clk 0:13:21]} Be7 {[%clk 0:12:16]} 15. Bf4
{[%clk 0:12:57]} Rac8 {[%clk 0:12:13]} 16. e4 {[%clk 0:11:00]} Rfd8
{[%clk 0:11:56]} 17. e5 {[%clk 0:11:04]} Ne8 {[%clk 0:12:00]} 18. h4
{[%clk 0:10:48]} Na5 {[%clk 0:11:41]} 19. Ne4 {[%clk 0:09:34]} Rxc1
{[%clk 0:10:56]} 20. Rxc1 {[%clk 0:09:37]} Bc6 {[%clk 0:10:48]} 21. Ne1
{[%clk 0:08:49]} Bd5 {[%clk 0:09:53]} 22. b3 {[%clk 0:08:45]} f5 {[%clk 0:09:14]}
23. Ng5 {[%clk 0:08:07]} Bxg2 {[%clk 0:08:44]} 24. Kxg2 {[%clk 0:05:03]} Bxg5
{[%clk 0:08:41]} 25. Bxg5 {[%clk 0:05:07]} Rd7 {[%clk 0:08:35]} 26. Rc8
{[%clk 0:04:59]} Kf7 {[%clk 0:08:38]} 27. Nf3 {[%clk 0:05:02]} Nc6
{[%clk 0:08:24]} 28. h5 {[%clk 0:04:52]} h6 {[%clk 0:07:46]} 29. Be3
{[%clk 0:04:53]} Nc7 {[%clk 0:07:40]} 30. Nh4 {[%clk 0:04:41]} Nd5
{[%clk 0:05:51]} 31. Ng6 {[%clk 0:04:28]} Rd8 {[%clk 0:05:54]} 32. Rxd8
{[%clk 0:04:28]} Nxe3+ {[%clk 0:05:54]} 33. Kf3 {[%clk 0:04:12]} Nxd8
{[%clk 0:05:56]} 34. Kxe3 {[%clk 0:04:15]} Nc6 {[%clk 0:06:00]} 35. Kd2
{[%clk 0:03:26]} b5 {[%clk 0:05:10]} 36. Kc3 {[%clk 0:03:25]} a6 {[%clk 0:05:08]}
37. a4 {[%clk 0:03:25]} Ke8 {[%clk 0:05:01]} 38. Nf4 {[%clk 0:03:27]} Kd7
{[%clk 0:05:02]} 39. Nd3 {[%clk 0:03:31]} bxa4 {[%clk 0:04:55]} 40. bxa4
{[%clk 0:03:35]} a5 {[%clk 0:04:59]} 41. Kc4 {[%clk 0:03:35]} Na7
{[%clk 0:02:44]} 42. Kc5 {[%clk 0:03:25]} Kc7 {[%clk 0:02:47]} 43. Nf4
{[%clk 0:03:28]} Kd7 {[%clk 0:02:49]} 44. Kb6 {[%clk 0:03:27]} Nc6
{[%clk 0:02:37]} 45. Nd3 {[%clk 0:03:15]} Nb4 {[%clk 0:02:37]} 46. Nc5+
{[%clk 0:03:16]} Ke7 {[%clk 0:02:33]} 47. Kb5 {[%clk 0:02:19]} f4
{[%clk 0:01:29]} 48. gxf4 {[%clk 0:02:13]} Nd5 {[%clk 0:01:18]} 49. Kxa5
{[%clk 0:01:50]} g6 {[%clk 0:01:09]} 50. hxg6 {[%clk 0:01:53]} h5
{[%clk 0:01:14]} 51. Ne4 {[%clk 0:01:45]} Nxf4 {[%clk 0:01:12]} 52. Kb6
{[%clk 0:01:07]} Nxg6 {[%clk 0:00:08]} 53. a5 {[%clk 0:01:11]} Nxe5
{[%clk 0:00:06]} 54. a6 {[%clk 0:01:12]} 1-0